Welcome to the Holygrace Academy Library

Please use search bar below to get started

MARKED : A HOUSE OF NIGHT NOVEL (Record no. 2352)

MARC details
000 -LEADER
fixed length control field 00625nam a22001577a 4500
020 ## - INTERNATIONAL STANDARD BOOK NUMBER
ISBN 978-1-905654-31-4
082 ## - DEWEY DECIMAL CLASSIFICATION NUMBER
Classification number 823
Item number CAS/M
100 ## - MAIN ENTRY--AUTHOR NAME
Personal name CAST,KRISTIN
245 ## - TITLE STATEMENT
Title MARKED : A HOUSE OF NIGHT NOVEL
250 ## - EDITION STATEMENT
Edition statement FIRST
260 ## - PUBLICATION, DISTRIBUTION, ETC. (IMPRINT)
Place of publication LONDON
Name of publisher ATOM
300 ## - PHYSICAL DESCRIPTION
Number of Pages 348
520 ## - SUMMARY, ETC.
Summary, etc Enter the dark, magical world of the House of Night, a world very much like our own, except here vampyres have always existed. Sixteen-year-old Zoey Redbird has just been Marked as a fledgling vampyre and joins the House of Night, a school where she will train to become an adult vampyre.
650 ## - SUBJECT ADDED ENTRY--TOPICAL TERM
Topical Term NOVEL, ENGLISH
Geographic subdivision LONDON
942 ## - ADDED ENTRY ELEMENTS (KOHA)
Koha item type Books
Holdings
Withdrawn status Lost status Collection code Home library Current library Shelving location Date acquired Source of acquisition Full call number Accession Number Koha item type
    Fiction Main Library Main Library SHELF-2-D ENGLIAH NOVELS FOR TEACHERS 14/05/2015 PURCHASE 823 CAS/M 05334 Books